|
|
|
|
| LEADER |
00000cam a2200000 a 4500 |
| 001 |
80065 |
| 005 |
20231021065818.0 |
| 008 |
000000|1967 ||||||||r|||||||||||spa|| |
| 040 |
|
|
|b spa
|
| 041 |
1 |
|
|a spa
|
| 082 |
0 |
|
|a 335
|b F00a
|
| 245 |
0 |
0 |
|a Africa socialista
|c William H. Friedland, Carl G. Rosberg, Jr.
|h imp
|
| 264 |
|
|
|a México
|b Fondo de Cultura Económica
|c 1967
|
| 300 |
|
|
|a 447 páginas:
|c 17 cm
|
| 650 |
1 |
0 |
|a Socialismo
|9 3101
|
| 650 |
1 |
7 |
|a Estiramientos
|9 4370
|
| 650 |
1 |
|
|a Socialismo africano
|9 69362
|
| 700 |
1 |
|
|a Friedland, William H.
|9 69363
|
| 700 |
1 |
|
|a Rosberg, Jr., Carl G.
|9 69364
|
| 852 |
|
|
|a UC-CDJBV
|c ESTANTERIA CERRADA
|f Compra
|k sara.alvarado
|l 1
|m General
|p 00000000
|r 2
|t 80065
|b 0
|d CDRC
|e CDRC
|g 335 F00a ESTANTERIA CERRADA
|z 0000-00-00
|
| 942 |
|
|
|c BK
|
| 999 |
|
|
|c 43587
|d 43587
|